[Event "Deutscher Mix-Teampokal U12 2025"]
[Site "Bad Homburg GER"]
[Date "2025.07.20"]
[Round "5"]
[White "Dratwa, Maximilian"]
[Black "Chupikov, Oleksii junior"]
[Result "0-1"]
[Termination "normal"]
[Board "2.3"]
[WhiteElo "1011"]
[BlackElo "1600"]
[WhiteClock "00:39:40"]
[BlackClock "00:42:02"]
[WhiteTeam "SC Garching 1980"]
[BlackTeam "SC Zitadelle Spandau 1977"]
[PlyCount "112"]
[WhiteFideId "533026289"]
[BlackFideId "533004943"]
[EventCountry "GER"]
[EventRounds "5"]
[EventType "team-swiss"]
[EventDate "2025.07.18"]

1. e4 {[%clk 00:55:09]} {[%emt 00:07:15]} e5 {[%clk 00:55:09]} {[%emt
00:00:01]} 2. Nf3 {[%clk 00:55:13]} {[%emt 00:00:02]} Nc6 {[%clk 00:55:08]}
{[%emt 00:00:06]} 3. d4 {[%clk 00:55:12]} {[%emt 00:00:05]} exd4 {[%clk
00:55:08]} {[%emt 00:00:06]} 4. Nxd4 {[%clk 00:55:11]} {[%emt 00:00:06]} Bc5
{[%clk 00:55:05]} {[%emt 00:00:08]} 5. Be3 {[%clk 00:55:12]} {[%emt 00:00:04]}
d6 {[%clk 00:54:58]} {[%emt 00:00:12]} 6. Nxc6 {[%clk 00:55:07]} {[%emt
00:00:09]} bxc6 {[%clk 00:54:53]} {[%emt 00:00:10]} 7. Bxc5 {[%clk 00:55:08]}
{[%emt 00:00:04]} dxc5 {[%clk 00:54:39]} {[%emt 00:00:19]} 8. Qxd8+ {[%clk
00:55:09]} {[%emt 00:00:04]} Kxd8 {[%clk 00:54:29]} {[%emt 00:00:15]} 9. Nc3
{[%clk 00:55:08]} {[%emt 00:00:07]} Nf6 {[%clk 00:54:20]} {[%emt 00:00:14]} 10.
Bc4 {[%clk 00:55:01]} {[%emt 00:00:12]} Ke7 {[%clk 00:54:06]} {[%emt 00:00:19]}
11. O-O-O {[%clk 00:54:52]} {[%emt 00:00:14]} Be6 {[%clk 00:53:29]} {[%emt
00:00:41]} 12. Be2 {[%clk 00:54:42]} {[%emt 00:00:15]} Rhd8 {[%clk 00:53:25]}
{[%emt 00:00:09]} 13. e5 {[%clk 00:54:31]} {[%emt 00:00:16]} Nd5 {[%clk
00:53:18]} {[%emt 00:00:12]} 14. Ne4 {[%clk 00:54:21]} {[%emt 00:00:13]} Nb4
{[%clk 00:52:34]} {[%emt 00:00:42]} 15. a3 {[%clk 00:54:07]} {[%emt 00:00:29]}
Bf5 {[%clk 00:51:44]} {[%emt 00:00:55]} 16. Nxc5 {[%clk 00:53:13]} {[%emt
00:00:58]} Nxc2 {[%clk 00:51:08]} {[%emt 00:00:42]} 17. Nb7 {[%clk 00:52:07]}
{[%emt 00:01:10]} Rd5 {[%clk 00:49:50]} {[%emt 00:01:11]} 18. f4 {[%clk
00:51:34]} {[%emt 00:00:50]} Rb8 {[%clk 00:49:26]} {[%emt 00:00:25]} 19. Bc4
{[%clk 00:51:35]} {[%emt 00:00:08]} Rxd1+ {[%clk 00:48:51]} {[%emt 00:00:41]}
20. Rxd1 {[%clk 00:51:20]} {[%emt 00:00:19]} Rxb7 {[%clk 00:48:44]} {[%emt
00:00:12]} 21. Rd2 {[%clk 00:49:19]} {[%emt 00:02:06]} Ne3 {[%clk 00:47:49]}
{[%emt 00:00:59]} 22. Ba2 {[%clk 00:48:40]} {[%emt 00:00:43]} Be6 {[%clk
00:47:39]} {[%emt 00:00:18]} 23. Bb1 {[%clk 00:47:29]} {[%emt 00:01:16]} h6
{[%clk 00:47:35]} {[%emt 00:00:09]} 24. Re2 {[%clk 00:47:05]} {[%emt 00:00:29]}
Nd5 {[%clk 00:47:32]} {[%emt 00:00:08]} 25. f5 {[%clk 00:47:00]} {[%emt
00:00:10]} Bd7 {[%clk 00:47:14]} {[%emt 00:00:21]} 26. f6+ {[%clk 00:46:41]}
{[%emt 00:00:26]} gxf6 {[%clk 00:46:59]} {[%emt 00:00:20]} 27. exf6+ {[%clk
00:46:40]} {[%emt 00:00:06]} Kxf6 {[%clk 00:46:51]} {[%emt 00:00:13]} 28. Rf2+
{[%clk 00:46:32]} {[%emt 00:00:09]} Kg7 {[%clk 00:46:32]} {[%emt 00:00:23]} 29.
Ba2 {[%clk 00:45:38]} {[%emt 00:01:03]} Be6 {[%clk 00:45:55]} {[%emt 00:00:43]}
30. Rf3 {[%clk 00:42:18]} {[%emt 00:03:23]} Kf8 {[%clk 00:44:44]} {[%emt
00:01:16]} 31. Kc2 {[%clk 00:41:37]} {[%emt 00:00:47]} Nb4+ {[%clk 00:43:21]}
{[%emt 00:01:28]} 32. axb4 {[%clk 00:41:31]} {[%emt 00:00:12]} Bxa2 {[%clk
00:43:19]} {[%emt 00:00:07]} 33. b3 {[%clk 00:41:24]} {[%emt 00:00:12]} Rxb4
{[%clk 00:43:02]} {[%emt 00:00:21]} 34. Kb2 {[%clk 00:41:21]} {[%emt 00:00:07]}
Rxb3+ {[%clk 00:42:48]} {[%emt 00:00:20]} 35. Rxb3 {[%clk 00:41:20]} {[%emt
00:00:06]} Bxb3 {[%clk 00:42:49]} {[%emt 00:00:04]} 36. Kxb3 {[%clk 00:41:20]}
{[%emt 00:00:05]} Ke7 {[%clk 00:42:52]} {[%emt 00:00:03]} 37. Kc4 {[%clk
00:41:14]} {[%emt 00:00:10]} Kd6 {[%clk 00:42:51]} {[%emt 00:00:05]} 38. g4
{[%clk 00:41:09]} {[%emt 00:00:09]} a5 {[%clk 00:42:48]} {[%emt 00:00:09]} 39.
h4 {[%clk 00:41:06]} {[%emt 00:00:07]} f6 {[%clk 00:42:47]} {[%emt 00:00:06]}
40. Kd4 {[%clk 00:40:54]} {[%emt 00:00:17]} a4 {[%clk 00:42:45]} {[%emt
00:00:08]} 41. Kc4 {[%clk 00:40:20]} {[%emt 00:00:37]} Ke5 {[%clk 00:42:45]}
{[%emt 00:00:07]} 42. Kb4 {[%clk 00:40:19]} {[%emt 00:00:06]} Kf4 {[%clk
00:42:43]} {[%emt 00:00:08]} 43. Kxa4 {[%clk 00:40:19]} {[%emt 00:00:05]} Kxg4
{[%clk 00:42:39]} {[%emt 00:00:08]} 44. Kb4 {[%clk 00:40:19]} {[%emt 00:00:05]}
f5 {[%clk 00:42:40]} {[%emt 00:00:04]} 45. Kc3 {[%clk 00:40:20]} {[%emt
00:00:04]} f4 {[%clk 00:42:42]} {[%emt 00:00:04]} 46. Kd3 {[%clk 00:40:22]}
{[%emt 00:00:03]} c5 {[%clk 00:42:29]} {[%emt 00:00:17]} 47. h5 {[%clk
00:40:23]} {[%emt 00:00:05]} f3 {[%clk 00:42:26]} {[%emt 00:00:08]} 48. Kd2
{[%clk 00:40:17]} {[%emt 00:00:10]} c4 {[%clk 00:42:27]} {[%emt 00:00:04]} 49.
Ke1 {[%clk 00:40:12]} {[%emt 00:00:10]} c3 {[%clk 00:42:25]} {[%emt 00:00:08]}
50. Kd1 {[%clk 00:40:08]} {[%emt 00:00:10]} f2 {[%clk 00:42:19]} {[%emt
00:00:10]} 51. Ke2 {[%clk 00:40:09]} {[%emt 00:00:04]} c2 {[%clk 00:42:19]}
{[%emt 00:00:05]} 52. Kxf2 {[%clk 00:40:04]} {[%emt 00:00:10]} c1=Q {[%clk
00:42:14]} {[%emt 00:00:10]} 53. Ke2 {[%clk 00:40:02]} {[%emt 00:00:08]} Qc3
{[%clk 00:42:07]} {[%emt 00:00:10]} 54. Kf2 {[%clk 00:40:00]} {[%emt 00:00:09]}
Qd2+ {[%clk 00:42:05]} {[%emt 00:00:07]} 55. Kg1 {[%clk 00:39:57]} {[%emt
00:00:09]} Kg3 {[%clk 00:42:04]} {[%emt 00:00:06]} 56. Kh1 {[%clk 00:39:40]}
{[%emt 00:00:21]} Qg2# {[%clk 00:42:02]} {[%emt 00:00:07]} 0-1

[Event "Deutscher Mix-Teampokal U12 2025"]
[Site "Bad Homburg GER"]
[Date "2025.07.20"]
[Round "5"]
[White "Riazi, Dominik"]
[Black "Rudnizki, Valentin"]
[Result "1/2-1/2"]
[Termination "normal"]
[Board "3.1"]
[WhiteElo "1671"]
[BlackElo "1545"]
[WhiteClock "00:26:25"]
[BlackClock "00:01:55"]
[WhiteTeam "SK Bad Homburg 1927"]
[BlackTeam "Düsseldorfer SK 14/25"]
[PlyCount "127"]
[WhiteFideId "533002150"]
[BlackFideId "34673369"]
[EventCountry "GER"]
[EventRounds "5"]
[EventType "team-swiss"]
[EventDate "2025.07.18"]

1. e4 {[%clk 00:55:10]} c5 {[%clk 00:55:01]} {[%emt 00:00:09]} 2. Nf3 {[%clk
00:55:10]} {[%emt 00:00:05]} Nc6 {[%clk 00:54:56]} {[%emt 00:00:09]} 3. Bb5
{[%clk 00:55:11]} {[%emt 00:00:04]} e6 {[%clk 00:54:49]} {[%emt 00:00:13]} 4.
Bxc6 {[%clk 00:55:03]} {[%emt 00:00:13]} bxc6 {[%clk 00:54:46]} {[%emt
00:00:08]} 5. d3 {[%clk 00:54:45]} {[%emt 00:00:24]} d5 {[%clk 00:54:38]}
{[%emt 00:00:11]} 6. O-O {[%clk 00:53:57]} {[%emt 00:00:53]} Nf6 {[%clk
00:54:04]} {[%emt 00:00:39]} 7. e5 {[%clk 00:53:42]} {[%emt 00:00:21]} Nd7
{[%clk 00:54:01]} {[%emt 00:00:05]} 8. Nc3 {[%clk 00:52:51]} {[%emt 00:00:59]}
Be7 {[%clk 00:53:36]} {[%emt 00:00:29]} 9. b3 {[%clk 00:51:39]} {[%emt
00:01:18]} O-O {[%clk 00:53:09]} {[%emt 00:00:32]} 10. Ba3 {[%clk 00:51:31]}
{[%emt 00:00:12]} Ba6 {[%clk 00:47:26]} {[%emt 00:05:43]} 11. Na4 {[%clk
00:50:43]} {[%emt 00:00:58]} Qc7 {[%clk 00:46:02]} {[%emt 00:01:21]} 12. Re1
{[%emt 00:01:12]} f6 {[%clk 00:44:48]} {[%emt 00:00:34]} 13. d4 {[%clk
00:50:13]} {[%emt 00:00:21]} fxe5 {[%clk 00:44:24]} {[%emt 00:00:30]} 14. Nxe5
{[%clk 00:50:10]} {[%emt 00:00:08]} Nxe5 {[%clk 00:43:38]} {[%emt 00:00:50]}
15. Rxe5 {[%clk 00:49:49]} {[%emt 00:00:27]} cxd4 {[%clk 00:43:25]} {[%emt
00:00:17]} 16. Bxe7 {[%clk 00:49:26]} {[%emt 00:00:29]} Qxe5 {[%clk 00:43:02]}
{[%emt 00:00:28]} 17. Bxf8 {[%clk 00:49:18]} {[%emt 00:00:13]} Rxf8 {[%clk
00:42:59]} {[%emt 00:00:08]} 18. Nc5 {[%clk 00:48:58]} {[%emt 00:00:24]} Bc8
{[%clk 00:42:49]} {[%emt 00:00:08]} 19. Qd2 {[%clk 00:48:24]} {[%emt 00:00:45]}
Qf6 {[%clk 00:40:50]} {[%emt 00:01:57]} 20. Re1 {[%clk 00:47:49]} {[%emt
00:00:48]} e5 {[%clk 00:40:19]} {[%emt 00:00:34]} 21. Nd3 {[%clk 00:44:36]}
{[%emt 00:03:21]} e4 {[%clk 00:39:49]} {[%emt 00:00:34]} 22. Nc5 {[%clk
00:44:23]} {[%emt 00:00:18]} a5 {[%clk 00:31:27]} {[%emt 00:08:27]} 23. h3
{[%clk 00:43:13]} {[%emt 00:01:16]} Qg6 {[%clk 00:30:52]} {[%emt 00:00:33]} 24.
Kh1 {[%clk 00:42:39]} {[%emt 00:00:45]} Bxh3 {[%clk 00:29:26]} {[%emt
00:01:32]} 25. gxh3 {[%clk 00:42:02]} {[%emt 00:00:42]} Rf3 {[%clk 00:29:21]}
{[%emt 00:00:06]} 26. Kh2 {[%clk 00:41:33]} {[%emt 00:00:39]} Qd6+ {[%clk
00:28:05]} {[%emt 00:01:15]} 27. Kg2 {[%clk 00:41:20]} {[%emt 00:00:22]} Qxc5
{[%clk 00:27:48]} {[%emt 00:00:22]} 28. Rd1 {[%clk 00:39:25]} {[%emt 00:02:00]}
d3 {[%clk 00:24:37]} {[%emt 00:03:14]} 29. cxd3 {[%clk 00:39:15]} {[%emt
00:00:18]} Rxd3 {[%clk 00:24:31]} {[%emt 00:00:10]} 30. Qe2 {[%emt 00:00:54]}
Rxd1 {[%clk 00:23:41]} {[%emt 00:00:21]} 31. Qxd1 {[%clk 00:39:00]} {[%emt
00:00:06]} d4 {[%clk 00:23:37]} {[%emt 00:00:07]} 32. Qg4 {[%clk 00:38:32]}
{[%emt 00:00:34]} Qe7 {[%clk 00:19:54]} {[%emt 00:03:43]} 33. Qc8+ {[%clk
00:38:15]} {[%emt 00:00:25]} Qf8 {[%clk 00:18:16]} {[%emt 00:01:46]} 34. Qe6+
{[%clk 00:38:03]} {[%emt 00:00:17]} Qf7 {[%clk 00:17:45]} {[%emt 00:00:32]} 35.
Qc8+ {[%clk 00:37:48]} {[%emt 00:00:23]} Qf8 {[%clk 00:17:35]} {[%emt
00:00:15]} 36. Qe6+ {[%clk 00:37:47]} {[%emt 00:00:07]} Kh8 {[%clk 00:17:35]}
{[%emt 00:00:05]} 37. Qxc6 {[%clk 00:37:42]} {[%emt 00:00:10]} e3 {[%clk
00:16:32]} {[%emt 00:01:05]} 38. fxe3 {[%clk 00:37:20]} {[%emt 00:00:30]} dxe3
{[%clk 00:16:29]} {[%emt 00:00:08]} 39. Qf3 {[%clk 00:37:16]} {[%emt 00:00:09]}
Qe8 {[%clk 00:15:24]} {[%emt 00:01:09]} 40. Kf1 {[%clk 00:36:42]} {[%emt
00:00:40]} Qb5+ {[%clk 00:14:22]} {[%emt 00:00:41]} 41. Ke1 {[%clk 00:36:32]}
{[%emt 00:00:40]} Qb4+ {[%clk 00:13:28]} {[%emt 00:00:53]} 42. Kf1 {[%clk
00:36:05]} {[%emt 00:00:41]} h6 {[%clk 00:12:30]} {[%emt 00:00:59]} 43. Qxe3
{[%clk 00:35:44]} {[%emt 00:00:28]} Qb5+ {[%clk 00:12:10]} {[%emt 00:00:19]}
44. Qe2 {[%clk 00:35:13]} {[%emt 00:00:42]} Qf5+ {[%clk 00:12:01]} {[%emt
00:00:08]} 45. Kg2 {[%clk 00:35:04]} {[%emt 00:00:20]} h5 {[%clk 00:11:04]}
{[%emt 00:01:02]} 46. Qf3 {[%clk 00:32:34]} {[%emt 00:02:34]} Qg5+ {[%clk
00:10:33]} {[%emt 00:00:34]} 47. Qg3 {[%clk 00:31:24]} {[%emt 00:01:18]} Qd2+
{[%clk 00:10:28]} {[%emt 00:00:08]} 48. Qf2 {[%clk 00:31:24]} {[%emt 00:00:07]}
Qb4 {[%clk 00:09:19]} {[%emt 00:01:13]} 49. h4 {[%clk 00:30:58]} {[%emt
00:00:32]} Qe4+ {[%clk 00:08:46]} {[%emt 00:00:31]} 50. Kh2 {[%clk 00:30:48]}
{[%emt 00:00:22]} Qe5+ {[%clk 00:08:38]} {[%emt 00:00:12]} 51. Qg3 {[%clk
00:30:36]} {[%emt 00:00:18]} Qb2+ {[%clk 00:07:16]} {[%emt 00:01:24]} 52. Qg2
{[%clk 00:30:35]} {[%emt 00:00:09]} Qe5+ {[%clk 00:06:32]} {[%emt 00:00:48]}
53. Qg3 {[%clk 00:30:30]} {[%emt 00:00:11]} Qf5 {[%clk 00:05:20]} {[%emt
00:01:06]} 54. Qh3 {[%clk 00:29:53]} {[%emt 00:00:53]} Qf2+ {[%clk 00:04:54]}
{[%emt 00:00:18]} 55. Kh1 {[%clk 00:29:15]} {[%emt 00:00:56]} Qxa2 {[%clk
00:03:52]} {[%emt 00:01:06]} 56. Qc8+ {[%clk 00:29:08]} {[%emt 00:00:13]} Kh7
{[%clk 00:03:37]} {[%emt 00:00:18]} 57. Qf5+ {[%clk 00:28:57]} {[%emt
00:00:17]} Kg8 {[%clk 00:03:19]} {[%emt 00:00:19]} 58. Qc8+ {[%clk 00:27:35]}
{[%emt 00:01:31]} Kf7 {[%clk 00:03:14]} {[%emt 00:00:07]} 59. Qf5+ {[%clk
00:27:35]} {[%emt 00:00:09]} Ke7 {[%clk 00:02:50]} {[%emt 00:00:16]} 60. Qe5+
{[%clk 00:27:31]} {[%emt 00:00:22]} Kf8 {[%clk 00:02:40]} {[%emt 00:00:06]} 61.
Qf5+ {[%clk 00:27:16]} {[%emt 00:00:29]} Kg8 {[%clk 00:02:26]} {[%emt
00:00:08]} 62. Qc8+ {[%clk 00:26:28]} {[%emt 00:01:03]} Kh7 {[%clk 00:02:09]}
{[%emt 00:00:11]} 63. Qf5+ {[%clk 00:26:25]} {[%emt 00:00:20]} Kg8 {[%clk
00:01:55]} {[%emt 00:00:17]} 64. Qc8+ 1/2-1/2

[Event "Deutscher Mix-Teampokal U12 2025"]
[Site "Bad Homburg GER"]
[Date "2025.07.20"]
[Round "5"]
[White "Estrin, Boris"]
[Black "Kukhtichev, Maksim"]
[Result "1-0"]
[Termination "normal"]
[Board "3.2"]
[WhiteElo "1822"]
[BlackElo "1616"]
[WhiteClock "00:28:04"]
[BlackClock "00:00:30"]
[WhiteTeam "Düsseldorfer SK 14/25"]
[BlackTeam "SK Bad Homburg 1927"]
[PlyCount "117"]
[WhiteFideId "34649859"]
[BlackFideId "34638881"]
[EventCountry "GER"]
[EventRounds "5"]
[EventType "team-swiss"]
[EventDate "2025.07.18"]

1. e4 {[%clk 00:55:08]} {[%emt 00:00:01]} e5 {[%clk 00:55:04]} {[%emt
00:00:07]} 2. Nf3 {[%clk 00:55:08]} {[%emt 00:00:05]} Nc6 {[%clk 00:55:05]}
{[%emt 00:00:04]} 3. Bc4 {[%clk 00:55:09]} {[%emt 00:00:04]} Bc5 {[%clk
00:55:05]} {[%emt 00:00:05]} 4. c3 {[%clk 00:55:09]} {[%emt 00:00:06]} d6
{[%clk 00:54:33]} {[%emt 00:00:37]} 5. d4 {[%clk 00:55:06]} {[%emt 00:00:06]}
exd4 {[%clk 00:54:28]} {[%emt 00:00:10]} 6. cxd4 {[%clk 00:55:03]} {[%emt
00:00:08]} Bb4+ {[%clk 00:54:30]} {[%emt 00:00:04]} 7. Nc3 {[%clk 00:54:56]}
{[%emt 00:00:11]} Bxc3+ {[%clk 00:54:24]} {[%emt 00:00:11]} 8. bxc3 {[%clk
00:54:56]} {[%emt 00:00:06]} Bg4 {[%clk 00:54:23]} {[%emt 00:00:06]} 9. O-O
{[%clk 00:54:50]} {[%emt 00:00:10]} Nf6 {[%clk 00:54:21]} {[%emt 00:00:07]} 10.
Qd3 {[%clk 00:54:28]} {[%emt 00:00:27]} O-O {[%clk 00:54:04]} {[%emt 00:00:23]}
11. Ba3 {[%clk 00:54:16]} {[%emt 00:00:17]} Na5 {[%clk 00:53:33]} {[%emt
00:00:36]} 12. Bb3 {[%clk 00:54:05]} {[%emt 00:00:16]} Nxb3 {[%clk 00:53:14]}
{[%emt 00:00:24]} 13. axb3 {[%clk 00:54:03]} {[%emt 00:00:07]} Re8 {[%clk
00:52:48]} {[%emt 00:00:30]} 14. h3 {[%clk 00:53:02]} {[%emt 00:01:06]} Bxf3
{[%clk 00:52:36]} {[%emt 00:00:18]} 15. Qxf3 {[%clk 00:52:57]} {[%emt
00:00:10]} Qd7 {[%clk 00:51:51]} {[%emt 00:00:50]} 16. e5 {[%clk 00:52:00]}
{[%emt 00:01:01]} dxe5 {[%clk 00:51:41]} {[%emt 00:00:15]} 17. dxe5 {[%clk
00:51:59]} {[%emt 00:00:06]} Rxe5 {[%clk 00:51:22]} {[%emt 00:00:25]} 18. Qxb7
{[%clk 00:51:08]} {[%emt 00:00:55]} Qc8 {[%clk 00:48:57]} {[%emt 00:02:28]} 19.
Qf3 {[%clk 00:50:00]} {[%emt 00:01:15]} Rb8 {[%clk 00:47:38]} {[%emt 00:01:25]}
20. c4 {[%clk 00:48:51]} {[%emt 00:01:14]} Re6 {[%clk 00:46:15]} {[%emt
00:01:26]} 21. Bc5 {[%clk 00:47:26]} {[%emt 00:01:32]} a6 {[%clk 00:44:21]}
{[%emt 00:01:58]} 22. b4 {[%clk 00:46:20]} {[%emt 00:01:11]} Qe8 {[%clk
00:42:03]} {[%emt 00:02:23]} 23. Qg3 {[%clk 00:43:40]} {[%emt 00:02:45]} Rc8
{[%clk 00:37:54]} {[%emt 00:04:14]} 24. Be3 {[%clk 00:42:40]} {[%emt 00:01:06]}
Ne4 {[%clk 00:36:30]} {[%emt 00:01:29]} 25. Qh4 {[%clk 00:42:10]} {[%emt
00:00:34]} Rg6 {[%clk 00:15:47]} {[%emt 00:20:49]} 26. Rad1 {[%clk 00:40:15]}
{[%emt 00:02:00]} Nd6 {[%clk 00:10:39]} {[%emt 00:05:12]} 27. Rfe1 {[%clk
00:39:03]} {[%emt 00:01:17]} Qc6 {[%clk 00:09:28]} {[%emt 00:01:16]} 28. Rd5
{[%clk 00:38:07]} {[%emt 00:01:01]} h6 {[%clk 00:07:26]} {[%emt 00:02:08]} 29.
Rc1 {[%clk 00:36:50]} {[%emt 00:01:22]} Ne8 {[%clk 00:06:38]} {[%emt 00:00:52]}
30. Bd4 {[%clk 00:35:14]} {[%emt 00:01:41]} Kh7 {[%clk 00:04:55]} {[%emt
00:01:49]} 31. Kh1 {[%clk 00:34:27]} {[%emt 00:00:52]} Nf6 {[%clk 00:03:10]}
{[%emt 00:01:50]} 32. Bxf6 {[%clk 00:34:24]} {[%emt 00:00:07]} gxf6 {[%clk
00:03:06]} {[%emt 00:00:09]} 33. f3 {[%clk 00:33:54]} {[%emt 00:00:35]} Rcg8
{[%clk 00:03:01]} {[%emt 00:00:11]} 34. Rc5 {[%clk 00:33:30]} {[%emt 00:00:29]}
Qd7 {[%clk 00:02:36]} {[%emt 00:00:30]} 35. Rg1 {[%clk 00:33:19]} {[%emt
00:00:15]} Qd2 {[%clk 00:02:26]} {[%emt 00:00:16]} 36. Rxc7 {[%clk 00:32:40]}
{[%emt 00:00:42]} R8g7 {[%clk 00:02:14]} {[%emt 00:00:18]} 37. Qe4 {[%clk
00:31:55]} {[%emt 00:00:50]} Qd6 {[%clk 00:02:02]} {[%emt 00:00:18]} 38. Rc6
{[%clk 00:31:32]} {[%emt 00:00:27]} Qd8 {[%clk 00:01:25]} {[%emt 00:00:43]} 39.
Rxa6 {[%clk 00:31:19]} {[%emt 00:00:18]} Qc8 {[%clk 00:01:14]} {[%emt
00:00:16]} 40. Rxf6 {[%clk 00:31:03]} {[%emt 00:00:21]} Kh8 {[%clk 00:00:51]}
{[%emt 00:00:28]} 41. Rxg6 {[%clk 00:30:57]} {[%emt 00:00:11]} Rxg6 {[%clk
00:00:52]} {[%emt 00:00:04]} 42. b5 {[%clk 00:30:36]} {[%emt 00:00:26]} Qc7
{[%clk 00:00:48]} {[%emt 00:00:09]} 43. f4 {[%clk 00:30:21]} {[%emt 00:00:20]}
Qd6 {[%clk 00:00:41]} {[%emt 00:00:12]} 44. Qe5+ {[%clk 00:30:20]} {[%emt
00:00:06]} Qf6 {[%clk 00:00:42]} {[%emt 00:00:03]} 45. Qxf6+ {[%clk 00:30:18]}
{[%emt 00:00:07]} Rxf6 {[%clk 00:00:46]} {[%emt 00:00:02]} 46. c5 {[%clk
00:30:06]} {[%emt 00:00:16]} Kg8 {[%clk 00:00:48]} {[%emt 00:00:04]} 47. c6
{[%clk 00:29:59]} {[%emt 00:00:11]} Kf8 {[%clk 00:00:23]} {[%emt 00:00:31]} 48.
c7 {[%clk 00:29:58]} {[%emt 00:00:06]} Kg7 {[%clk 00:00:23]} {[%emt 00:00:04]}
49. c8=Q {[%clk 00:29:54]} {[%emt 00:00:09]} h5 {[%clk 00:00:23]} {[%emt
00:00:05]} 50. Qc3 {[%clk 00:29:47]} {[%emt 00:00:13]} Kg6 {[%clk 00:00:25]}
{[%emt 00:00:03]} 51. Qxf6+ {[%clk 00:29:44]} {[%emt 00:00:08]} Kxf6 {[%clk
00:00:29]} 52. b6 {[%clk 00:29:36]} {[%emt 00:00:13]} Kf5 {[%clk 00:00:31]}
{[%emt 00:00:03]} 53. b7 {[%clk 00:29:34]} {[%emt 00:00:06]} Kxf4 {[%clk
00:00:34]} {[%emt 00:00:03]} 54. b8=Q+ {[%clk 00:29:18]} {[%emt 00:00:08]} Kg5
{[%clk 00:00:35]} {[%emt 00:00:17]} 55. Qb6 {[%clk 00:29:16]} {[%emt 00:00:07]}
f5 {[%clk 00:00:38]} {[%emt 00:00:02]} 56. Rc1 {[%clk 00:28:32]} {[%emt
00:00:49]} Kh4 {[%clk 00:00:32]} {[%emt 00:00:10]} 57. Qf6+ {[%clk 00:28:30]}
{[%emt 00:00:07]} Kg3 {[%clk 00:00:34]} {[%emt 00:00:03]} 58. Qd4 {[%clk
00:28:04]} {[%emt 00:00:31]} f4 {[%clk 00:00:30]} {[%emt 00:00:09]} 59. Rc3+
{[%clk 00:28:04]} {[%emt 00:00:05]} 1-0